Normal view
MARC view
- Syed Sajid Raza Zaidi
Entry Personal Name
001 - CONTROL NUMBER
- control field: 15596
003 - CONTROL NUMBER IDENTIFIER
- control field: NUST
005 - DATE AND TIME OF LATEST TRANSACTION
- control field: 20190626062409.0
008 - FIXED-LENGTH DATA ELEMENTS
- fixed length control field: 190626|| aca||aabn | a|a d
040 ## - CATALOGING SOURCE
- Original cataloging agency: NUST
- Transcribing agency: NUST
100 ## - HEADING--PERSONAL NAME
- Personal name: Syed Sajid Raza Zaidi
670 ## - SOURCE DATA FOUND
- Source citation: Work cat.: (NUST): Syed Sajid Raza Zaidi, Effect of Laser Surface Melting on Fatigue Life of Aluminum 6061-T6/, 2017.
